01095nam a2200217 i 4500001000700000003000900007005001700016008004100033040002000074100004000094245024500134260009600379300002800475505004600503596005100549651002900600700002800629852008000657999001900737952012100756161105ES-MaACL20250808063155.0960809q19011950sp a |||| | spa d aCLM bspa cCLM1 aOrtiz de la Puebla, Vicente.98759410aHistoria general de Francia desde la más remota antig edad hasta nuestros días b: tomo primero / credactada ... por Vicente Ortiz de la Puebla ; adórnanla unos 2000 dibujos ... debidos al lápiz de eminentes artistas como Dore ... aBarcelona : bEmpresa editorial "La Enciclopedia Ilustrada", c[s.a] (fImp. de Luis Tasso) a1 v. : bil. ; c27 cm.8 aContiene: T.I.- p. 9-591 ; T.II.- p.1-152 aFecha de cabecera deducida de la tipografía. 4aFrancia-xHistoria986790 aDoré, Gustave.945388 aES-MaACLjC-2020 z-- Enc. hol. z-- Legado M. de la Fuente q-- Sólo t.I c161105d161105 00104070aATENEOMbATENEOMcSPALd2008-01-17eSSCl0oC-2020p1168743r2023-02-23 00:00:00w2023-02-23yMONOGRAFIA